Tinderbox : (Record no. 533641)

000 -LEADER
fixed length control field 01071cam a2200313 a 4500
001 - CONTROL NUMBER
control field 16740572
003 - CONTROL NUMBER IDENTIFIER
control field OSt
005 - DATE AND TIME OF LATEST TRANSACTION
control field 20200115113407.0
008 - FIXED-LENGTH DATA ELEMENTS--GENERAL INFORMATION
fixed length control field 110419s2011 ii af b 001 0 eng
010 ## - LIBRARY OF CONGRESS CONTROL NUMBER
LC control number 2011321435
020 ## - INTERNATIONAL STANDARD BOOK NUMBER
International Standard Book Number 9789350290392
025 ## - OVERSEAS ACQUISITION NUMBER
Overseas acquisition number I-E-2011-321435; 63-09
037 ## - SOURCE OF ACQUISITION
Source of stock number/acquisition Library of Congress -- New Delhi Overseas Office
038 ## - RECORD CONTENT LICENSOR
Staff Name MSOHAIL
040 ## - CATALOGING SOURCE
Original cataloging agency DLC
Transcribing agency DLC
Modifying agency DLC
042 ## - AUTHENTICATION CODE
Authentication code lcode
-- pcc
043 ## - GEOGRAPHIC AREA CODE
Geographic area code a-pk---
050 00 - LIBRARY OF CONGRESS CALL NUMBER
Classification number DS382
Item number .A37 2011
082 ## - DEWEY DECIMAL CLASSIFICATION NUMBER
Classification number 954.91
100 1# - MAIN ENTRY--PERSONAL NAME
Personal name Akbar, M. J.
9 (RLIN) 27594
245 10 - TITLE STATEMENT
Title Tinderbox :
Remainder of title the past and future of Pakistan /
Statement of responsibility, etc. M.J. Akbar.
260 ## - PUBLICATION, DISTRIBUTION, ETC.
Place of publication, distribution, etc. Noida :
Name of publisher, distributor, etc. HarperCollins Publishers India, a joint venture with the India Today Group,
Date of publication, distribution, etc. 2011.
300 ## - PHYSICAL DESCRIPTION
Extent xvi, 343 p., [8] p. of plates :
Other physical details ill. (some col.) ;
Dimensions 24 cm.
504 ## - BIBLIOGRAPHY, ETC. NOTE
Bibliography, etc. note Includes bibliographical references (p. [336]-340) and index.
650 #0 - SUBJECT ADDED ENTRY--TOPICAL TERM
Topical term or geographic name entry element Pakistan
General subdivision History.
9 (RLIN) 27595
906 ## - LOCAL DATA ELEMENT F, LDF (RLIN)
a 7
b cbc
c origode
d 3
e ncip
f 20
g y-gencatlg
942 ## - ADDED ENTRY ELEMENTS (KOHA)
Source of classification or shelving scheme
Koha item type Book
Holdings
Withdrawn status Lost status Source of classification or shelving scheme Damaged status Not for loan Permanent Location Current Location Date acquired Total Checkouts Full call number Barcode Date last seen Price effective from Koha item type
          School of Civil and Environmental Engineering (SCEE) School of Civil and Environmental Engineering (SCEE) 01/15/2020   954.91 NIT-9239 01/15/2020 01/15/2020 Book
© 2023 Central Library, National University of Sciences and Technology. All Rights Reserved.